00391nam a22001217a 4500100002400000245004800024260002900072300001200101700004100113942001100154999001700165952008700182 aSheikh, Liaquat Ali aStudy of Protective Schemes of Power System aNawabshah:bQUES,c1988. a183p. ; aDepartment of electrical Engineering cTHESIS c55672d55669 00104070aQUESTCLbRESEARCHd2016-11-17l0pP/19-19r2016-11-17 00:00:00yTHESIS